000 00501nam a22001817a 4500
005 20260302120933.0
008 260302b |||||||| |||| 00| 0 eng d
020 _a9781437707571 (pbk)
040 _cPK-LaUMT
082 _a615.1
_bGLA-P
100 g _aGladson, Barbara
_99585
245 _aPharmacology for rehabilitation professionals /
_cby Barbara Gladson
250 _a2nd ed.
260 _aMissouri :
_bElsevier Saunders,
_c2011
300 _a528 p.
650 _aPharmacology
942 _cBK
999 _c139941
_d139941